Statistics for Countries with Diacritic Characters

Click here to take the quiz!

General Stats

  • This quiz has been taken 35 times
  • The average score is 37 of 41

Answer Stats

Native Language NameCountry% Correct
BelgiëBelgium
100%
BéninBenin
100%
ÖsterreichAustria
97%
Bosnia i HercegovínaBosnia and Herzegovina
97%
Côte d'IvoireCôte d'Ivoire
97%
République démocratique du Congo / Republíki ya Kongó / Demokratíki Jamhuri ya Kidemokrasia ya KongoDemocratic Republic of the Congo
97%
República DominicanaDominican Republic
97%
GuinéeGuinea
97%
ÍslandIceland
97%
ÉireIreland
97%
LëtezebuergLuxembourg
97%
MalaŵiMalawi
97%
Mēxihco / MéxicoMexico
97%
MoçambiqueMozambique
97%
PanamáPanama
97%
PerúPeru
97%
RomâniaRomania
97%
SāmoaSamoa
97%
São Tomé e PrincipeSão Tomé and Principe
97%
SénégalSenegal
97%
EspañaSpain
97%
Città del VaticanoVatican City
97%
Việt NamVietnam
97%
République Centrafricaine / Ködörösêse tî BêafrîkaCentral African Republic
94%
ČeskoCzech Republic
94%
République GabonaiseGabon
94%
HaïtiHaiti
94%
MagyarországHungary
94%
NederlânNetherlands
94%
ParaguáiParaguay
94%
République du Congo / Republíki ya KongóRepublic of the Congo
94%
TürkiyeTurkey
94%
TürkmenistanTurkmenistan
94%
VolíviaBolivia
91%
ShqipëriaAlbania
76%
MúneguMonaco
73%
NàìjíríàNigeria
73%
HayastánArmenia
70%
Paguot ThudänSouth Sudan
48%
Rìoghachd AonaichteUnited Kingdom
48%
Aorōkin M̧ajeļMarshall Islands
36%

Score Distribution

Percentile by Number Answered

Percent of People with Each Score

Your Score History

You have not taken this quiz